000 00698nam a22002297a 4500
005 20251108173112.0
008 250721s2004 xx 000 0 ara d
020 _a9773274136
082 1 4 _a726.8/عبد
100 1 _aعبد الله، محمود سيد
245 1 0 _aمدافن حكام مصر الإسلامية بمدنية القاهرة /
264 1 _aالاسكندرية :
_bدار الوفاء،
_c2004.
300 _a534ص
650 1 7 _aالهندسة المعمارية
650 1 7 _aالمقابر
650 1 7 _aالمدافن
650 1 7 _aالأثار
650 1 7 _aالعمارة الإسلامية
650 1 7 _aالقاهرة
942 _2ddc
_cBK
999 _c96104
_d96104